000 00730nam a2200229Ia 4500
003 OSt
005 20220923225722.0
006 a|||||r|||| 00| 0
007 ta
008 220922b |||||||| |||| 00| 0 snd d
024 _a274,094
037 _cTextual
040 _aARTS
_cARTS
_bsnd
041 _2snd
_asnd
082 _aY744Q74S:1vN47, 1593L6.1-.3
100 _aपेसूमल, लोकराम
245 0 _aमुहिंजो शहरु, मुहिंजा माण्हूं
246 _aMuhianjo shaharu, muhianjā māṇhūan
260 _c1976
942 _hY744Q74S:1vN47, 1593L6.1-.3
_cTEXL
_2CC
999 _c379983
_d379983